000 00388nam a2200157Ia 4500
008 230917s9999||||xx |||||||||||||| ||und||
020 _cRS275
040 _e31198
_aMAIN
041 _aEnglish
082 _a823.08 K123I
100 _aKakar, Sudhir, ed.
245 0 _aIndian love stories
260 _aNew Delhi
_bLotus collection, Roli Books
_c1999
300 _a224 p.
942 _cBK
999 _c104332
_d104332